00991cam a22002414a 450000500170000000800410001702000150005804000290007304100080010204400070011008200170011710000280013424500650016226001040022730000380033149000190036950400620038865100520045065100530050294200150055599900170057095201620058720150825101406.0990203s1998 ck a b 000 0 spa  a9589491081 aDLCcDLCdDLCdCO-BoIAVH0 aspa ack04a986.12bD33l2 aDíaz Díaz, Fernando10aLetras e historia del Bajo Sinú /cFernando Díaz Díaz. aMontería (Colombia):bUniversidad de Córdoba, Fondo Editorial :bLibrería Domus Libri,c1998. a254 p. :bilustraciones ;c25 cm.1 aSerie Historia aIncluye referencias bibliográficas (páginas 251-254). 0aLorica (Córdoba, Colombia)xVida intelectual. 0aSinú (Provincia : Colombia)xVida intelectual. 2ddccLIBRO c17705d17705 00102ddc40708GENERALIINV2017aBogotabBogotad2015-08-25g39000.00l0oLB-986.12 D33lp035177r2015-08-25 00:00:00tEj. 1w2015-08-25xDonaciónyLIBRO